NYC C Train Subway Stations (Harder Version) - Statistics

General Stats
  • This quiz has been taken 19 times
  • The average score is 35 of 40
Answer Stats
Borough Neighborhood Station Transfers % Correct
Manhattan Upper West Side 103rd Street B
100%
Manhattan Harlem 116th Street B
100%
Manhattan Harlem 125th Street A, B, D
100%
Manhattan Chelsea 14th Street/Eighth Avenue A, E, L
100%
Manhattan Chelsea 23rd Street E
100%
Manhattan Midtown 34th Street–Penn Station A, E
100%
Manhattan Midtown 42nd Street–Bryant Park/Fifth Avenue B, D, F, M, 7, A, E
100%
Manhattan Midtown 50th Street E
100%
Manhattan Midtown 59th Street–Columbus Circle A, C, D, 1
100%
Manhattan Upper West Side 72nd Street B
100%
Manhattan Upper West Side 81st Street–Museum of Natural History B
100%
Manhattan Upper West Side 86th Street B
100%
Manhattan Upper West Side 96th Street B
100%
Manhattan Upper West Side Cathedral Parkway–110th Street B
100%
Manhattan Hudson Square Spring Street E
100%
Manhattan Harlem 135th Street B
90%
Manhattan Harlem 145th Street A, B, D
90%
Manhattan Washington Heights 155th Street
90%
Manhattan Washington Heights 163rd Street–Amsterdam Avenue
90%
Manhattan Washington Heights 168th Street A, 1
90%
Brooklyn East New York Broadway Junction L, A, J
90%
Manhattan Tribeca Canal Street A, E
90%
Manhattan Financial District Fulton Street A, 2, 3, 4, 5, J
90%
Brooklyn Brooklyn Heights High Street A
90%
Brooklyn Downtown Jay Street–MetroTech R, A, F
90%
Brooklyn Bedford–Stuyvesant Nostrand Avenue A
90%
Brooklyn Bedford–Stuyvesant Utica Avenue A
90%
Manhattan Greenwich Village West Fourth Street–Washington Square A, B, D, E, F, M
90%
Brooklyn Clinton Hill Clinton–Washington Avenues
80%
Brooklyn East New York Euclid Avenue A
80%
Brooklyn Bedford–Stuyvesant Franklin Avenue Franklin Shuttle
80%
Brooklyn Downtown Hoyt–Schermerhorn Streets A, G
80%
Brooklyn Fort Greene Lafayette Avenue
80%
Manhattan Financial District Chambers Street–World Trade Center/Park Place/Cortlandt Street A, E, 2, 3, R, W
70%
Brooklyn Bedford–Stuyvesant Kingston–Throop Avenues
70%
Brooklyn Bedford–Stuyvesant Ralph Avenue
70%
Brooklyn Bedford–Stuyvesant Rockaway Avenue
70%
Brooklyn East New York Liberty Avenue
60%
Brooklyn East New York Shepherd Avenue
60%
Brooklyn East New York Van Siclen Avenue
60%
No matching quizzes found
Score Distribution
Percent of People with Each Score
Percentile by Number Answered
Your Score History
You have not taken this quiz